The theatre of the absurd / (Record no. 200468183)

MARC details
000 -LEADER
fixed length control field 01755cam a2200409 i 4500
001 - CONTROL NUMBER
control field 200468183
003 - CONTROL NUMBER IDENTIFIER
control field TR-AnTOB
005 - DATE AND TIME OF LATEST TRANSACTION
control field 20260417155323.0
007 - PHYSICAL DESCRIPTION FIXED FIELD--GENERAL INFORMATION
fixed length control field ta
008 - FIXED-LENGTH DATA ELEMENTS--GENERAL INFORMATION
fixed length control field 260417r19741968enk b 001 0 eng
010 ## - LIBRARY OF CONGRESS CONTROL NUMBER
LC control number 76373596
015 ## - NATIONAL BIBLIOGRAPHY NUMBER
National bibliography number B68-07134
020 ## - INTERNATIONAL STANDARD BOOK NUMBER
International Standard Book Number 0140209298
Qualifying information (paperback)
035 ## - SYSTEM CONTROL NUMBER
System control number 3185037
System control number (TR-AnTOB)200468183
040 ## - CATALOGING SOURCE
Original cataloging agency DLC
Language of cataloging eng
Description conventions rda
Transcribing agency DLC
Modifying agency DLC
-- TR-AnTOB
041 0# - LANGUAGE CODE
Language code of text/sound track or separate title İngilizce
050 04 - LIBRARY OF CONGRESS CALL NUMBER
Classification number PN1861
Item number .E872 1974
090 ## - LOCALLY ASSIGNED LC-TYPE CALL NUMBER (OCLC); LOCAL CALL NUMBER (RLIN)
Classification number (OCLC) (R) ; Classification number, CALL (RLIN) (NR) PN1861
Local cutter number (OCLC) ; Book number/undivided call number, CALL (RLIN) .E872 1974
100 1# - MAIN ENTRY--PERSONAL NAME
Personal name Esslin, Martin,
Dates associated with a name 1918-2002
Relator term author
Relator code aut
9 (RLIN) 153777
245 14 - TITLE STATEMENT
Title The theatre of the absurd /
Statement of responsibility, etc. Martin Esslin.
250 ## - EDITION STATEMENT
Edition statement Revised and enlarged edition.
264 #1 - PRODUCTION, PUBLICATION, DISTRIBUTION, MANUFACTURE, AND COPYRIGHT NOTICE
Place of production, publication, distribution, manufacture Harmondsworth :
Name of producer, publisher, distributor, manufacturer Penguin Books ;
Place of production, publication, distribution, manufacture [London] :
Name of producer, publisher, distributor, manufacturer Eyre & Spottiswoode,
Date of production, publication, distribution, manufacture, or copyright notice 1974.
300 ## - PHYSICAL DESCRIPTION
Extent 463 pages ;
Dimensions 19 cm
336 ## - CONTENT TYPE
Content type term text
Content type code txt
Source rdacontent
337 ## - MEDIA TYPE
Media type term unmediated
Media type code n
Source rdamedia
338 ## - CARRIER TYPE
Carrier type term volume
Carrier type code nc
Source rdacarrier
490 0# - SERIES STATEMENT
Series statement Pelican books
504 ## - BIBLIOGRAPHY, ETC. NOTE
Bibliography, etc. note Includes bibliographical references and index.
505 0# - FORMATTED CONTENTS NOTE
Formatted contents note Samuel Beckett: The absurdity of the absurd -- Arthur Adamov: The search for the self -- Eugene Ionesco: The curable and the incurable -- Jean Genet: A hall of mirrors -- Harold Pinter: Certainties and uncertainties -- Parallels and proselytes -- The tradition of the absurd -- The significance of the absurd -- Beyond the absurd -- The dramatists of the absurd -- Background and history of the theatre of the absurd.
520 ## - SUMMARY, ETC.
Summary, etc. Samuel Beckett - Arthur Adamov - Eugene Ionesco - Jean Genet - Harold Pinter - Vian - Frisch; History and background of the theatre of the absurd.
650 #0 - SUBJECT ADDED ENTRY--TOPICAL TERM
Topical term or geographic name entry element European drama
Chronological subdivision 20th century
General subdivision History and criticism
9 (RLIN) 153778
Topical term or geographic name entry element Theater of the absurd
9 (RLIN) 153779
942 ## - ADDED ENTRY ELEMENTS (KOHA)
Source of classification or shelving scheme Library of Congress Classification
Koha item type Book
Holdings
Withdrawn status Lost status Source of classification or shelving scheme Not for loan Collection code Home library Current library Shelving location Date acquired Source of acquisition Total Checkouts Full call number Date last seen Copy number Date shelved Koha item type Public note
    Library of Congress Classification Ödünç Verilemez-Kurumiçi kullanım / Not for loan-For inhouse use Genel Koleksiyon Tıp Fakültesi Medikal Kütüphane Tıp Fakültesi Medikal Kütüphane Genel Koleksiyon / Main Collection 18/03/2026 Bağış / Donation   PN1861 .E872 1974 TıpFaK 17/04/2026 1 17/04/2026 Book Donated by Prof. Dr. Şükrü Cin
Devinim Yazılım Eğitim Danışmanlık tarafından Koha'nın orjinal sürümü uyarlanarak geliştirilip kurulmuştur.